| 000 | 00321nam a2200109Ia 4500 | ||
|---|---|---|---|
| 005 | 20251222143305.0 | ||
| 008 | 251222s9999||||xx |||||||||||||| ||spa|| | ||
| 082 | _a279.85/E96 | ||
| 245 | 0 | _aLa Evangelización de los Indígenas en vísperas del medio milenio del descubrimiento de América | |
| 264 | _bCELAM | ||
| 942 | _cLIB | ||
| 999 |
_c15480 _d15480 |
||